| 000 | 004100000a22001690004500 | ||
|---|---|---|---|
| 003 | MACL | ||
| 005 | 20151230124619.0 | ||
| 008 | 151230b xxu||||| |||| 00| 0 eng d | ||
| 040 |
_aMACL _cMACL |
||
| 041 | _aEnglish | ||
| 082 | _a301/NOR | ||
| 100 |
_aNordau, Max _924773 |
||
| 245 | _aRegeneration | ||
| 260 |
_bArchibald Constable & Co Ltd _c1895 |
||
| 650 |
_aSociology _924774 |
||
| 942 |
_cBK _k301/NOR _2ddc |
||
| 999 |
_c38136 _d38136 |
||